书目信息 |
| 题名: |
迷你高尔夫运动
|
|
| 作者: | 陈世材 著 | |
| 分册: | ||
| 出版信息: | 北京 人民体育出版社 2000 |
|
| 页数: | 237页, [4]页图版 | |
| 开本: | 19cm | |
| 丛书名: | ||
| 单 册: | ||
| 中图分类: | G849.3 | |
| 科图分类: | ||
| 主题词: | 高尔夫球运动--gao er fu qiu yun dong--基本知识 | |
| 电子资源: | ||
| ISBN: | 7-5009-1957-3 | |
| 000 | 00768nam0 2200217 450 | |
| 001 | CAL 010020063461 | |
| 005 | 20070727172937.14 | |
| 010 | @a7-5009-1957-3@dCNY13.00 | |
| 100 | @a20041119d2000 em y0chiy0121 ea | |
| 101 | 0 | @achi |
| 102 | @aCN@b110000 | |
| 105 | @aaf z 000yy | |
| 200 | 1 | @a迷你高尔夫运动@Ami ni gao er fu yun dong@f陈世材著 |
| 210 | @a北京@c人民体育出版社@d2000 | |
| 215 | @a237页, [4]页图版@c图@d19cm | |
| 330 | @a本书叙述了迷你高尔夫运动的产生和发展, 国内外开展迷你高尔夫运动的历史和现状, 各种迷你高尔夫球场的形式和结构, 讲解了高尔夫球运动的基本技法等内容。 | |
| 606 | 0 | @a高尔夫球运动@Agao er fu qiu yun dong@x基本知识 |
| 690 | @aG849.3@v4 | |
| 701 | 0 | @a陈世材@Achen shi cai@4著 |
| 801 | 0 | @aCN@bWHC@c20070727 |
| 905 | @a10447@dG849.3@e293 | |
| 迷你高尔夫运动/陈世材著.-北京:人民体育出版社,2000 |
| 237页, [4]页图版:图;19cm |
| ISBN 7-5009-1957-3:CNY13.00 |
| 本书叙述了迷你高尔夫运动的产生和发展, 国内外开展迷你高尔夫运动的历史和现状, 各种迷你高尔夫球场的形式和结构, 讲解了高尔夫球运动的基本技法等内容。 |
| ● |
| 相关链接 |
|
|
|
|
正题名:迷你高尔夫运动
索取号:G849.3/293
 
预约/预借
| 序号 | 登录号 | 条形码 | 馆藏地/架位号 | 状态 | 备注 |
| 1 | 0784321 | 207843217 | 第四借阅区/ [索取号:G849.3/293] | 在馆 | |
| 2 | 0784465 | 207844653 | 第四借阅区/ [索取号:G849.3/293] | 在馆 | |
| 3 | 0784466 | 207844662 | 第四借阅区/ [索取号:G849.3/293] | 在馆 |